000 01591cam a2200373 a 4500
999 _c127959
_d127959
001 4378312
003 ARRUPE
005 20180420095320.0
008 910412s1993 enk b 001 0 eng
010 _a 91017753
020 _a0854966765 :
_c$68.00
040 _aDLC
_cDLC
_dDLC
041 1 _aeng
_hger
043 _ae------
_ae-gx---
050 0 0 _aHT690.
_bG38882513 1993
082 0 0 _a305.5/5/09409034
_220
130 0 _aBürgertum im 19. Jahrhundert.
_lEnglish.
_kSelections.
_941580
245 1 0 _aBourgeois society in nineteenth-century Europe /
_cedited by Jürgen Kocka and Allan Mitchell.
260 _aOxford ;
_bBerg,
_c1993.
300 _axi, 468 p. ;
_c22 cm.
500 _aSpine title: Bourgeois society in 19th century Europe.
500 _aTranslated selections from: Bürgertum im 19. Jahrhundert.
504 _aIncludes bibliographical references and index.
650 0 _aMiddle class
_zGermany
_xHistory
_y19th century.
_941581
650 0 _aMiddle class
_zEurope
_xHistory
_y19th century.
_918805
700 1 _aKocka, Jürgen.
_941582
700 1 _aMitchell, Allan,
_d1933-
_941583
740 0 _aBourgeois society in 19th century Europe.
856 4 2 _3Publisher description
_uhttp://www.loc.gov/catdir/enhancements/fy0601/91017753-d.html
906 _a7
_bcbc
_corignew
_d1
_eocip
_f19
_gy-gencatlg
942 _2lcc
_cMONOGRAPH